000 00278nam a2200109Ia 4500
008 220120s9999||||xx |||||||||||||| ||und||
020 _a7111827
100 _aGodse, A.P
_91195
245 0 _aDigital integrated circuits and applications
260 _bHongkong
300 _a180p.
_b0
999 _c136579
_d136579